[Event "11e Open International de La Fere"]
[Site "La Fere (FRA)"]
[Date "2012.07.12"]
[Round "7.19"]
[White "Nal, Patrick"]
[Black "Husson, Cybele"]
[Result "0-1"]
[WhiteElo "1647"]
[BlackElo "1937"]
[PlyCount "92"]
[EventDate "2012.??.??"]

1. d4 f5 2. c4 g6 3. Nc3 Bg7 4. Nf3 Nf6 5. e3 c6 6. Bd3 O-O 7. Bd2 Na6 8. a3
Nc7 9. Qc2 Kh8 10. Ng5 d5 11. f4 a6 12. Na4 h6 13. Nf3 dxc4 14. Bxc4 Ncd5 15.
Ne5 Qe8 16. Nc3 Be6 17. Nxd5 Bxd5 18. Rg1 Rc8 19. g4 Be4 20. Bd3 c5 21. dxc5
Bxd3 22. Qxd3 Rxc5 23. gxf5 Rd5 24. Nxg6+ Qxg6 25. fxg6 Rxd3 26. Ke2 Rfd8 27.
Bc3 Ne4 28. Bxg7+ Kxg7 29. Rgd1 Rxd1 30. Rxd1 Rxd1 31. Kxd1 Kxg6 32. Ke2 Kf5
33. Kf3 a5 34. b3 Nd2+ 35. Ke2 Nxb3 36. Kd3 b5 37. h3 Nc5+ 38. Kd4 Ne4 39. Kd5
h5 40. Kd4 h4 41. Kd5 Nf2 42. Kc5 b4 43. axb4 axb4 44. Kxb4 Nxh3 45. Kc3 Nf2
46. Kd2 h3 0-1

[Event "11e Open International de La Fere"]
[Site "La Fere (FRA)"]
[Date "2012.07.12"]
[Round "7.20"]
[White "Pruvost, Alain"]
[Black "Soveaux, Jean"]
[Result "1-0"]
[WhiteElo "1604"]
[BlackElo "1834"]
[PlyCount "61"]
[EventDate "2012.??.??"]

1. b4 e5 2. b5 a6 3. c4 axb5 4. cxb5 d5 5. Bb2 Bd6 6. Nf3 Nd7 7. e3 Ngf6 8. Be2
O-O 9. O-O c5 10. d3 b6 11. Nbd2 Bb7 12. a4 Re8 13. Ne1 Qc7 14. g3 e4 15. d4 c4
16. Ba3 Nf8 17. Ng2 Ng6 18. Qc2 Qd7 19. Bxd6 Qxd6 20. Qc3 Ra5 21. Qa3 Qd7 22.
Qb4 Rd8 23. Nb1 h5 24. Nc3 Qh3 25. Nf4 Nxf4 26. exf4 Qe6 27. Rae1 Qh3 28. f3
Rd7 29. Rf2 Ra8 30. Bf1 Qe6 31. fxe4 1-0

[Event "11e Open International de La Fere"]
[Site "La Fere (FRA)"]
[Date "2012.07.12"]
[Round "7.21"]
[White "Ternisien, Clement"]
[Black "Picart, Alban"]
[Result "0-1"]
[WhiteElo "1580"]
[BlackElo "1820"]
[PlyCount "82"]
[EventDate "2012.??.??"]

1. d4 e6 2. c4 c6 3. Nc3 d5 4. Bf4 dxc4 5. e3 b5 6. a4 Qb6 7. g3 Nf6 8. Bg2 Bb7
9. Qf3 Nd5 10. Nge2 Nd7 11. e4 Nxc3 12. bxc3 a5 13. O-O b4 14. g4 Qd8 15. Qg3
Nf6 16. Bg5 Be7 17. Bxf6 Bxf6 18. e5 Be7 19. f4 Qb6 20. f5 g6 21. fxe6 fxe6 22.
Nf4 Bc8 23. Rf2 Rb8 24. Qf3 Bd7 25. Raf1 bxc3 26. Qxc3 Qb4 27. Rc1 Qxa4 28.
Qxc4 Qxc4 29. Rxc4 Rb4 30. Rfc2 Bg5 31. Ne2 Be3+ 32. Kh1 O-O 33. Rxb4 axb4 34.
Bxc6 Rc8 35. Ba4 Rxc2 36. Bxc2 Bb5 37. Ng3 Bxd4 38. Kg2 Bxe5 39. Bb3 Bc6+ 40.
Kf2 Bd5 41. Bxd5 exd5 0-1

[Event "11e Open International de La Fere"]
[Site "La Fere (FRA)"]
[Date "2012.07.12"]
[Round "7.22"]
[White "Cazacu, Gabriela"]
[Black "Caloone, Thomas"]
[Result "1-0"]
[WhiteElo "1814"]
[BlackElo "1660"]
[PlyCount "34"]
[EventDate "2012.??.??"]

1. d4 c5 2. d5 d6 3. c4 Nf6 4. Nc3 Bd7 5. e4 Na6 6. f4 e5 7. Nf3 exf4 8. Bxf4
Nc7 9. Bd3 Rb8 10. a4 Na6 11. O-O Nb4 12. Bb1 Bg4 13. h3 Bh5 14. Re1 Bxf3 15.
Qxf3 Nd7 16. e5 dxe5 17. Bxe5 Be7 1-0

[Event "11e Open International de La Fere"]
[Site "La Fere (FRA)"]
[Date "2012.07.12"]
[Round "7.23"]
[White "Torck, Kathleen"]
[Black "Obert, Julien"]
[Result "0-1"]
[WhiteElo "1321"]
[BlackElo "1810"]
[PlyCount "62"]
[EventDate "2012.??.??"]

1. e4 e6 2. d4 d5 3. e5 c5 4. c3 Nc6 5. Nf3 Qb6 6. Bd3 cxd4 7. cxd4 Bd7 8. O-O
Nxd4 9. Nxd4 Qxd4 10. Nc3 a6 11. a3 Rc8 12. Kh1 Bc5 13. f4 Nh6 14. Ne2 Qa4 15.
Qxa4 Bxa4 16. b4 Bb6 17. Ng3 Ng4 18. Nh5 Nf2+ 19. Rxf2 Bxf2 20. Nxg7+ Kf8 21.
Nh5 Bd4 22. Rb1 Bc2 23. Bxc2 Rxc2 24. g3 Ke7 25. f5 Bxe5 26. fxe6 fxe6 27. Bg5+
Kd6 28. Rf1 Rhc8 29. Rf7 R8c7 30. Rf8 Ra2 31. Rd8+ Rd7 0-1

[Event "11e Open International de La Fere"]
[Site "La Fere (FRA)"]
[Date "2012.07.12"]
[Round "7.25"]
[White "Vekemans, Sylvain"]
[Black "Fornes, Paul"]
[Result "1-0"]
[WhiteElo "1779"]
[BlackElo "1353"]
[PlyCount "108"]
[EventDate "2012.??.??"]

1. c4 Nf6 2. Nc3 c6 3. g3 d5 4. cxd5 cxd5 5. Bg2 g6 6. Nf3 Bg7 7. O-O O-O 8. d3
Nc6 9. a3 e6 10. Bd2 Bd7 11. Rb1 a5 12. Na2 b5 13. b4 axb4 14. Nxb4 Nxb4 15.
Bxb4 Re8 16. Qb3 Bf8 17. Ne5 Bxb4 18. Qxb4 Qa5 19. Nxd7 Nxd7 20. Qxb5 Qxb5 21.
Rxb5 Rxa3 22. Rfb1 Ra2 23. e3 Rd2 24. d4 Ra8 25. R5b2 Rxb2 26. Rxb2 Ra1+ 27.
Bf1 Nf6 28. Kg2 Ne4 29. Bd3 Kg7 30. Kf3 Rh1 31. h4 Nd6 32. Rb6 Ne8 33. Rb7 Ra1
34. Kf4 Ra2 35. f3 Ra3 36. Bf1 Ra1 37. Bh3 Kf6 38. g4 Ra6 39. e4 dxe4 40. fxe4
Kg7 41. Bf1 Ra1 42. Be2 Rc1 43. Ke5 Rc7 44. Rxc7 Nxc7 45. d5 exd5 46. exd5 Kf8
47. d6 Ne6 48. Kf6 Ke8 49. Bb5+ Kf8 50. d7 h6 51. Bc4 Nd8 52. Bd5 g5 53. h5 Ne6
54. Bxe6 fxe6 1-0

[Event "11e Open International de La Fere"]
[Site "La Fere (FRA)"]
[Date "2012.07.12"]
[Round "7.26"]
[White "Merbeth, Paul"]
[Black "Degraeve, Thomas"]
[Result "1-0"]
[WhiteElo "1718"]
[BlackElo "1432"]
[PlyCount "43"]
[EventDate "2012.??.??"]

1. e4 e5 2. Nf3 Nc6 3. Bb5 Bc5 4. O-O Nf6 5. d3 Nd4 6. Nxd4 Bxd4 7. c3 Bb6 8.
Kh1 O-O 9. f4 d6 10. Qe1 c6 11. Ba4 Re8 12. Nd2 Bc7 13. Nf3 Bg4 14. f5 Bxf3 15.
Rxf3 h6 16. Qh4 Nd7 17. f6 Nxf6 18. Bxh6 Nh7 19. Qg4 g6 20. Raf1 Re7 21. Rxf7
Rxf7 22. Qxg6+ 1-0

[Event "11e Open International de La Fere"]
[Site "La Fere (FRA)"]
[Date "2012.07.12"]
[Round "7.27"]
[White "Alloui-Cros, Alix"]
[Black "Vekemans, Denis"]
[Result "0-1"]
[WhiteElo "1540"]
[BlackElo "1980"]
[PlyCount "64"]
[EventDate "2012.??.??"]

1. e4 e6 2. d4 c5 3. c3 Nc6 4. Nf3 cxd4 5. cxd4 Bb4+ 6. Bd2 Qa5 7. a3 Bxd2+ 8.
Qxd2 Nf6 9. Qxa5 Nxa5 10. Nbd2 O-O 11. Bd3 d6 12. O-O Bd7 13. Rac1 Rac8 14. Rc3
Rxc3 15. bxc3 Rc8 16. c4 d5 17. cxd5 exd5 18. e5 Ne8 19. Rb1 Rc3 20. Bb5 Bf5
21. Ra1 Nc7 22. Bf1 b5 23. h3 h6 24. Be2 Kf8 25. Kf1 Ke7 26. Ke1 Nc4 27. Nxc4
dxc4 28. Ra2 a5 29. Kd2 Nd5 30. Nh4 Bd7 31. f4 Re3 32. f5 Rxe2+ 0-1

[Event "11e Open International de La Fere"]
[Site "La Fere (FRA)"]
[Date "2012.07.12"]
[Round "7.29"]
[White "Cretin, Stephane"]
[Black "Urbaniak, Patrick"]
[Result "0-1"]
[WhiteElo "1640"]
[BlackElo "1918"]
[PlyCount "28"]
[EventDate "2012.??.??"]

1. e4 c5 2. c3 Nc6 3. d4 e6 4. Nf3 cxd4 5. cxd4 Nf6 6. Nc3 Bb4 7. Bd3 d5 8. e5
Ne4 9. Bxe4 dxe4 10. Nd2 Qxd4 11. Qc2 e3 12. fxe3 Qxe3+ 13. Ne2 Nd4 14. Qd1 Qe4
0-1

[Event "11e Open International de La Fere"]
[Site "La Fere (FRA)"]
[Date "2012.07.12"]
[Round "7.30"]
[White "Fauchart, Francois"]
[Black "Molet, Asher"]
[Result "1-0"]
[WhiteElo "1639"]
[BlackElo "1844"]
[PlyCount "105"]
[EventDate "2012.??.??"]

1. d4 d5 2. Nf3 e6 3. Bf4 Nf6 4. h3 Bd6 5. Ne5 O-O 6. e3 c5 7. c3 Qc7 8. Nd2
Nbd7 9. Ndf3 Ne4 10. Bd3 f6 11. Bxe4 dxe4 12. Nxd7 Qxd7 13. Bxd6 Qxd6 14. Nd2
f5 15. Nc4 Qa6 16. Ne5 cxd4 17. cxd4 Qb5 18. Qe2 Bd7 19. Qxb5 Bxb5 20. a4 Ba6
21. b4 b6 22. b5 Bb7 23. O-O Rac8 24. Rfc1 Bd5 25. a5 g5 26. axb6 axb6 27. Nd7
Rfd8 28. Rxc8 Rxc8 29. Nxb6 Rb8 30. Nxd5 exd5 31. Ra5 Kf7 32. b6 Ke6 33. Rb5
Rb7 34. Kh2 f4 35. g3 f3 36. Kg1 Kd6 37. Kf1 Kc6 38. Rc5+ Kxb6 39. Rxd5 Kc6 40.
Rc5+ Kd6 41. Rc1 Rb2 42. g4 h6 43. Kg1 Kd5 44. Rc5+ Kd6 45. Rc1 Ra2 46. Rf1 Ke6
47. Kh2 Kf6 48. Kg3 Rd2 49. Rc1 Ke7 50. Rc5 Rd1 51. Re5+ Kf6 52. Rxe4 Rg1+ 53.
Kxf3 1-0

[Event "11e Open International de La Fere"]
[Site "La Fere (FRA)"]
[Date "2012.07.12"]
[Round "7.31"]
[White "Boudier, Eric"]
[Black "Calonne, Pascal"]
[Result "1-0"]
[WhiteElo "1810"]
[BlackElo "1558"]
[PlyCount "117"]
[EventDate "2012.??.??"]

1. Nc3 c5 2. e4 e6 3. f4 Nc6 4. Nf3 d5 5. Bb5 a6 6. Bxc6+ bxc6 7. d3 Ne7 8. O-O
Ng6 9. Qe1 Be7 10. Qg3 Qc7 11. e5 Qd8 12. Qh3 Nh4 13. Ng5 Bxg5 14. fxg5 Ng6 15.
Qg3 Qc7 16. Re1 Qb6 17. Kh1 a5 18. b3 Ba6 19. Na4 Qa7 20. Ba3 c4 21. Bc5 Qb7
22. bxc4 dxc4 23. Rab1 Qc7 24. dxc4 Ne7 25. Bd6 Qd8 26. c5 Nf5 27. Qf4 Nxd6 28.
cxd6 O-O 29. Nc5 a4 30. a3 Qa5 31. Qb4 Bb5 32. c4 Qxb4 33. Rxb4 Ba6 34. Nxa6
Rxa6 35. Reb1 h6 36. gxh6 gxh6 37. c5 Ra5 38. Rc4 f6 39. exf6 Rxf6 40. Kg1 Ra8
41. Rg4+ Kh8 42. Rb7 Raf8 43. h3 R6f7 44. Rxf7 Rxf7 45. Rxa4 Rf5 46. Rc4 Kg7
47. a4 Rf7 48. a5 Ra7 49. Rd4 Rd7 50. Kf2 Kf7 51. Ke3 Ke8 52. Ke4 Ra7 53. Ra4
Kd7 54. Ke5 Ra8 55. g4 Ra6 56. h4 Ra8 57. a6 Ra7 58. g5 hxg5 59. hxg5 1-0

[Event "11e Open International de La Fere"]
[Site "La Fere (FRA)"]
[Date "2012.07.12"]
[Round "7.33"]
[White "Delias, Alexis"]
[Black "Galoppa, Ludovic"]
[Result "1-0"]
[WhiteElo "1499"]
[BlackElo "1799"]
[PlyCount "29"]
[EventDate "2012.??.??"]

1. d4 Nf6 2. c4 e6 3. Nc3 Bb4 4. Qc2 c5 5. e3 d5 6. Nf3 Nc6 7. Bd3 dxc4 8. Bxc4
cxd4 9. Nxd4 Nxd4 10. exd4 Qxd4 11. Qa4+ Bd7 12. Qxb4 Rc8 13. Nb5 Qe5+ 14. Be3
Rc5 15. Qxc5 1-0

[Event "11e Open International de La Fere"]
[Site "La Fere (FRA)"]
[Date "2012.07.12"]
[Round "7.35"]
[White "Torck, Antoine"]
[Black "De Brouwere, Johan"]
[Result "1/2-1/2"]
[WhiteElo "1380"]
[BlackElo "1786"]
[PlyCount "51"]
[EventDate "2012.??.??"]

1. e4 d6 2. d4 Nf6 3. Nc3 c6 4. e5 dxe5 5. dxe5 Qxd1+ 6. Nxd1 Nd5 7. Nf3 e6 8.
Ne3 Bb4+ 9. Bd2 Nxe3 10. fxe3 Bc5 11. Bd3 b6 12. Rf1 Nd7 13. O-O-O Bb7 14. Rde1
Be7 15. Rf2 O-O-O 16. Bc3 Nc5 17. Rd1 Rd7 18. Nd4 Bg5 19. Bd2 Rhd8 20. Rdf1 f6
21. exf6 Bxf6 22. Bc3 Nxd3+ 23. cxd3 Rd6 24. Nxe6 Rxe6 25. Bxf6 Rxd3 26. Bxg7
1/2-1/2

[Event "11e Open International de La Fere"]
[Site "La Fere (FRA)"]
[Date "2012.07.12"]
[Round "7.36"]
[White "Baye, Dylan"]
[Black "Menjour, Mohamed"]
[Result "0-1"]
[WhiteElo "1280"]
[BlackElo "1770"]
[PlyCount "34"]
[EventDate "2012.??.??"]

1. e4 e5 2. Nf3 Nc6 3. d4 exd4 4. Nxd4 Bc5 5. Nxc6 bxc6 6. Qh5 Qe7 7. Nd2 Nf6
8. Qf3 O-O 9. b3 d5 10. Bd3 dxe4 11. Nxe4 Nxe4 12. Bxe4 f5 13. O-O fxe4 14. Qg3
Bd6 15. Qc3 Be5 16. Qxc6 Bd7 17. Qxe4 Bxh2+ 0-1

[Event "11e Open International de La Fere"]
[Site "La Fere (FRA)"]
[Date "2012.07.12"]
[Round "7.37"]
[White "Paillard, Maximilien"]
[Black "Rech, Thomas"]
[Result "1-0"]
[WhiteElo "1741"]
[BlackElo "1390"]
[PlyCount "59"]
[EventDate "2012.??.??"]

1. d4 d5 2. Nf3 Nf6 3. c4 dxc4 4. Nc3 Bf5 5. Bf4 e6 6. e3 Bd6 7. Bxd6 cxd6 8.
Bxc4 O-O 9. d5 e5 10. O-O a6 11. b4 Qb6 12. Qb3 Nbd7 13. Rac1 Rac8 14. Nd2 Rc7
15. e4 Bg6 16. Bd3 Rfc8 17. Nc4 Qa7 18. Nxd6 Rd8 19. Ndb5 axb5 20. Nxb5 Rxc1
21. Nxa7 Rxf1+ 22. Kxf1 Nb6 23. f3 Nfd7 24. Kf2 f6 25. Nb5 Nb8 26. a4 Bf7 27.
a5 Nxd5 28. exd5 Rxd5 29. Bc4 Rxb5 30. Bxf7+ 1-0

[Event "11e Open International de La Fere"]
[Site "La Fere (FRA)"]
[Date "2012.07.12"]
[Round "7.38"]
[White "Lepere, Rodrigue"]
[Black "Teodorczyk, Ludovic"]
[Result "0-1"]
[WhiteElo "1280"]
[BlackElo "1731"]
[PlyCount "60"]
[EventDate "2012.??.??"]

1. d3 d5 2. Nf3 c5 3. Nbd2 Nc6 4. e4 d4 5. Be2 e5 6. c3 Be6 7. O-O Bd6 8. Nc4
Bc7 9. Qa4 Bd7 10. Qc2 b5 11. Ncd2 Nge7 12. b4 cxb4 13. cxb4 Nxb4 14. Qb3 Na6
15. Ng5 O-O 16. Bb2 h6 17. Ngf3 Nc5 18. Qc2 Ne6 19. Rfe1 Rc8 20. Rac1 Bd6 21.
Qd1 Qa5 22. Nf1 Qxa2 23. Qd2 Qa6 24. Ng3 Nf4 25. Nh4 Qb6 26. Nhf5 Nxf5 27. exf5
a5 28. Bg4 Bb4 29. Qd1 Bxe1 30. Qxe1 Nxd3 0-1

[Event "11e Open International de La Fere"]
[Site "La Fere (FRA)"]
[Date "2012.07.12"]
[Round "7.39"]
[White "Biniaux, Michael"]
[Black "Degraeve, Remy"]
[Result "1-0"]
[WhiteElo "1724"]
[BlackElo "1368"]
[PlyCount "29"]
[EventDate "2012.??.??"]

1. d4 Nf6 2. e3 e6 3. Bd3 b6 4. Nd2 Bb7 5. e4 c5 6. c3 Nc6 7. Ngf3 Be7 8. O-O
O-O 9. a3 a5 10. Qe2 Qc7 11. e5 Nd5 12. Ne4 d6 13. c4 Nf4 14. Bxf4 dxe5 15.
dxe5 1-0

[Event "11e Open International de La Fere"]
[Site "La Fere (FRA)"]
[Date "2012.07.12"]
[Round "7.40"]
[White "Tawegoum, Ivan"]
[Black "Biellmann, Patrick"]
[Result "1-0"]
[WhiteElo "1721"]
[BlackElo "1330"]
[PlyCount "91"]
[EventDate "2012.??.??"]

1. e4 d6 2. d4 Nf6 3. Nc3 g6 4. Bg5 Bg7 5. f3 O-O 6. Qd2 Nfd7 7. g4 c5 8. d5
Nb6 9. h4 Qc7 10. Bh6 e6 11. Bxg7 Kxg7 12. h5 Rh8 13. hxg6 fxg6 14. dxe6 Bxe6
15. Nb5 Qe7 16. Qxd6 Qxd6 17. Nxd6 Nc6 18. Nb5 Rad8 19. Rd1 Rxd1+ 20. Kxd1 Rd8+
21. Kc1 a6 22. Nc3 Ne5 23. Be2 Nbc4 24. Nh3 b5 25. Ng5 Bg8 26. f4 Nc6 27. Bxc4
bxc4 28. Na4 h6 29. Nf3 Be6 30. f5 gxf5 31. gxf5 Bc8 32. Nxc5 Rf8 33. Rg1+ Kf6
34. Rg6+ Kf7 35. Rxc6 Rg8 36. Rxh6 Re8 37. e5 Bxf5 38. Rf6+ Kg7 39. Rxf5 Rf8
40. Ne6+ Kg6 41. Rxf8 a5 42. Kd2 c3+ 43. bxc3 a4 44. Rf6+ Kh7 45. Nfg5+ Kg8 46.
Rf8# 1-0

[Event "11e Open International de La Fere"]
[Site "La Fere (FRA)"]
[Date "2012.07.12"]
[Round "7.41"]
[White "Lamotte, Estelle"]
[Black "Van Poucke, Philippe"]
[Result "1/2-1/2"]
[WhiteElo "1210"]
[BlackElo "1700"]
[PlyCount "110"]
[EventDate "2012.??.??"]

1. e4 e5 2. Nf3 Nf6 3. Nc3 Bb4 4. Nxe5 Bxc3 5. dxc3 Qe7 6. Ng4 Qxe4+ 7. Ne3 d5
8. Bd3 Qe5 9. O-O O-O 10. Re1 Qd6 11. b3 c5 12. a4 Nc6 13. a5 Be6 14. Qd2 Ne5
15. Qe2 Rfe8 16. Bf5 Bxf5 17. Nxf5 Nf3+ 18. gxf3 Rxe2 19. Nxd6 Rxe1+ 20. Kg2
Rb8 21. Nf5 g6 22. Ne3 Rd8 23. a6 b6 24. b4 d4 25. cxd4 cxd4 26. Nc4 Rc8 27.
Nb2 Nd5 28. Nd3 Re2 29. Bh6 Rcxc2 30. Kg3 f6 31. Nf4 Ne7 32. Nxe2 Nf5+ 33. Kg2
d3 34. Nd4 Nxd4 35. Rd1 Nf5 36. Bd2 g5 37. h3 Kf7 38. f4 h6 39. Kf3 Ra2 40. Ke4
Rxa6 41. Kxf5 Ra2 42. Ke4 a5 43. bxa5 bxa5 44. Bxa5 Rxa5 45. Rxd3 f5+ 46. Kf3
Ke6 47. fxg5 hxg5 48. Kg3 Ra4 49. Rf3 Ke5 50. Re3+ Re4 51. Rf3 Re1 52. Re3+
Rxe3+ 53. fxe3 Ke4 54. Kf2 Ke5 55. Kf3 Kd5 1/2-1/2

[Event "11e Open International de La Fere"]
[Site "La Fere (FRA)"]
[Date "2012.07.12"]
[Round "7.42"]
[White "Leturcq, Theo"]
[Black "Chevance, Gerard"]
[Result "0-1"]
[WhiteElo "1020"]
[BlackElo "1684"]
[PlyCount "40"]
[EventDate "2012.??.??"]

1. e4 c6 2. d4 d5 3. Nd2 dxe4 4. Nxe4 Bf5 5. Ng3 Bg6 6. h4 h6 7. Nf3 Nd7 8. h5
Bh7 9. Bd3 Bxd3 10. Qxd3 Qc7 11. Bd2 Ngf6 12. O-O-O O-O-O 13. c4 e6 14. Ne4 Be7
15. g3 Nxe4 16. Qxe4 Bf6 17. Bf4 Qb6 18. Be3 Rhe8 19. c5 Nxc5 20. dxc5 Qxb2#
0-1

[Event "11e Open International de La Fere"]
[Site "La Fere (FRA)"]
[Date "2012.07.12"]
[Round "7.44"]
[White "Vandervorst, Marc"]
[Black "Galoppa, Antoine"]
[Result "1-0"]
[WhiteElo "1833"]
[BlackElo "1190"]
[PlyCount "59"]
[EventDate "2012.??.??"]

1. e4 e5 2. Nf3 Nc6 3. Bc4 Bc5 4. d3 h6 5. Be3 Bb6 6. Nc3 d6 7. h3 Nf6 8. Nd5
Nxd5 9. Bxd5 O-O 10. O-O Be6 11. Bxc6 bxc6 12. d4 exd4 13. Nxd4 Qh4 14. Qf3
Bxd4 15. Bxd4 f5 16. Rfe1 d5 17. Qc3 fxe4 18. Re2 Rf7 19. Qxc6 Rd8 20. Qxe6 a5
21. Qg4 Qxg4 22. hxg4 Rd6 23. Bc3 Rf4 24. Be5 Rxg4 25. Bxd6 cxd6 26. Rd1 Rg5
27. c4 dxc4 28. Rxd6 Re5 29. Rd4 Rc5 30. Rexe4 1-0

[Event "11e Open International de La Fere"]
[Site "La Fere (FRA)"]
[Date "2012.07.12"]
[Round "7.45"]
[White "Dincq, Michel"]
[Black "Godart, Michel"]
[Result "0-1"]
[WhiteElo "1512"]
[BlackElo "1729"]
[PlyCount "64"]
[EventDate "2012.??.??"]

1. e4 e6 2. d4 d5 3. exd5 exd5 4. h3 Nc6 5. c3 Bf5 6. Bd3 Bg6 7. Bxg6 hxg6 8.
Be3 Nf6 9. Nd2 Bd6 10. Qf3 Qd7 11. Ne2 O-O-O 12. O-O-O Na5 13. Bg5 Be7 14. Bxf6
Bxf6 15. Qg4 Qxg4 16. hxg4 Rxh1 17. Rxh1 Re8 18. Kd1 Kd7 19. f4 g5 20. g3 b6
21. b3 Nb7 22. Nf3 gxf4 23. gxf4 g6 24. Ne5+ Bxe5 25. dxe5 Nc5 26. Kc2 Ne4 27.
Rf1 c5 28. g5 Ke6 29. a3 Rh8 30. b4 Kf5 31. bxc5 bxc5 32. Kb3 Nd2+ 0-1

[Event "11e Open International de La Fere"]
[Site "La Fere (FRA)"]
[Date "2012.07.12"]
[Round "7.46"]
[White "Lapersonne, Patrick"]
[Black "Bracq, Christian"]
[Result "1/2-1/2"]
[WhiteElo "1504"]
[BlackElo "1640"]
[PlyCount "49"]
[EventDate "2012.??.??"]

1. c4 Nf6 2. Nc3 c6 3. d4 d5 4. Nf3 dxc4 5. e4 b5 6. e5 Nd5 7. Ne4 Bf5 8. Nc5
Nd7 9. Nh4 Nxc5 10. Nxf5 Nb7 11. Be2 e6 12. Ng3 Be7 13. O-O c5 14. Be3 cxd4 15.
Bxd4 f6 16. Bh5+ g6 17. Bg4 f5 18. Bf3 Na5 19. Ne2 Nc6 20. Nc3 Ndb4 21. Bxc6+
Nxc6 22. Nxb5 O-O 23. Qa4 Qb8 24. Qxc4 Rc8 25. Qb3 1/2-1/2

[Event "11e Open International de La Fere"]
[Site "La Fere (FRA)"]
[Date "2012.07.12"]
[Round "7.47"]
[White "Marlein, Jacques"]
[Black "Bohr, Frederic"]
[Result "0-1"]
[WhiteElo "1620"]
[BlackElo "1370"]
[PlyCount "93"]
[EventDate "2012.??.??"]

1. e4 e5 2. f4 exf4 3. Nf3 d6 4. Bc4 Be6 5. Bxe6 fxe6 6. d3 e5 7. Nc3 Nc6 8.
Nd5 Nf6 9. Nxf6+ Qxf6 10. Bd2 O-O-O 11. O-O g5 12. b4 d5 13. Qe1 a6 14. a4 g4
15. b5 gxf3 16. bxc6 Bc5+ 17. Kh1 fxg2+ 18. Kxg2 Qxc6 19. Kf3 dxe4+ 20. Qxe4
Qxe4+ 21. Kxe4 Rhe8 22. Ra2 Rd4+ 23. Kf5 e4 24. Bc3 Rd5+ 25. Kg4 exd3 26. cxd3
Rxd3 27. Rf3 Ree3 28. Rxe3 Bxe3 29. Be1 c6 30. Kf3 b6 31. Ke2 Rd5 32. Bf2 Bxf2
33. Kxf2 Kb7 34. Kf3 Rd4 35. a5 b5 36. Rg2 c5 37. Rg7+ Kc6 38. Rxh7 b4 39. h4
b3 40. Rh6+ Rd6 41. Rh8 Kc7 42. Rh7+ Rd7 43. Rh6 c4 44. Rb6 Rd6 45. Rxb3 Rc6
46. Kxf4 c3 47. Rxc3 0-1

[Event "11e Open International de La Fere"]
[Site "La Fere (FRA)"]
[Date "2012.07.12"]
[Round "7.48"]
[White "Tenot, Fabrice"]
[Black "Drouin, Philippe"]
[Result "1-0"]
[WhiteElo "1620"]
[BlackElo "1303"]
[PlyCount "69"]
[EventDate "2012.??.??"]

1. c4 c5 2. Nc3 Nc6 3. g3 d6 4. Bg2 Bd7 5. Nf3 Qc8 6. O-O Bh3 7. Re1 Bxg2 8.
Kxg2 Nf6 9. d3 Qf5 10. Bg5 h6 11. Bxf6 Qxf6 12. Nd5 Qg6 13. Nc7+ Kd7 14. Nxa8
f5 15. d4 Nxd4 16. Nxd4 cxd4 17. Qxd4 e5 18. Qxa7 Ke7 19. Qxb7+ Kf6 20. Nb6 f4
21. Qf3 Kf5 22. a4 e4 23. Qxf4+ Ke6 24. Rad1 Be7 25. Rd4 Qf6 26. Rxe4+ Kf7 27.
Nd5 Qxf4 28. Rxe7+ Kg6 29. gxf4 Kf5 30. Kf3 g5 31. Rg1 gxf4 32. Nxf4 Rf8 33.
Rg6 d5 34. cxd5 Rc8 35. e4# 1-0

[Event "11e Open International de La Fere"]
[Site "La Fere (FRA)"]
[Date "2012.07.12"]
[Round "7.49"]
[White "Bourgeois-Copigny, Yann"]
[Black "Delias, Gerard"]
[Result "0-1"]
[WhiteElo "1370"]
[BlackElo "1610"]
[PlyCount "42"]
[EventDate "2012.??.??"]

1. d4 Nf6 2. c4 e6 3. Nf3 b6 4. Nc3 Bb7 5. Bg5 h6 6. Bf4 Bb4 7. e3 O-O 8. Bd3
d5 9. a3 Bxc3+ 10. bxc3 Nbd7 11. Ne5 Re8 12. O-O Nxe5 13. Bxe5 Nd7 14. f4 f6
15. Qc2 fxe5 16. Bh7+ Kh8 17. fxe5 Qg5 18. Rf7 Re7 19. Raf1 Rxf7 20. Rxf7 Qxe3+
21. Kh1 Qe1+ 0-1

[Event "11e Open International de La Fere"]
[Site "La Fere (FRA)"]
[Date "2012.07.12"]
[Round "7.50"]
[White "Dagnicourt, Marie"]
[Black "Huyet, Yannick"]
[Result "0-1"]
[WhiteElo "1326"]
[BlackElo "1569"]
[PlyCount "116"]
[EventDate "2012.??.??"]

1. e4 e6 2. d4 d5 3. exd5 exd5 4. Bd3 Nc6 5. Nf3 Bg4 6. c3 Bd6 7. O-O Qd7 8.
Be3 O-O-O 9. Nbd2 f5 10. Bg5 Re8 11. Nb3 h6 12. Bd2 Nf6 13. h3 Bh5 14. Be2 g5
15. Re1 Bxf3 16. Bxf3 Rxe1+ 17. Bxe1 g4 18. hxg4 fxg4 19. Be2 h5 20. Bd3 h4 21.
Qc2 Kb8 22. Nc5 Qg7 23. Bd2 g3 24. fxg3 Qxg3 25. Kf1 Ng4 26. Bg5 Rf8+ 27. Bf5
Nh2+ 28. Ke2 Qxg2+ 29. Kd1 Qf1+ 30. Kd2 Qf2+ 31. Kd1 Rxf5 32. Qxf2 Rxf2 33.
Bxh4 Rf1+ 34. Be1 Bg3 35. Ke2 Rxe1+ 36. Rxe1 Bxe1 37. Kxe1 Kc8 38. Ke2 b6 39.
Ne6 Ng4 40. Kf3 Nf6 41. Kf4 Kd7 42. Kf5 Ne8 43. Nf4 Ne7+ 44. Ke5 c6 45. a4 a5
46. b4 Nc7 47. Nd3 Na8 48. bxa5 bxa5 49. Nc5+ Kc7 50. Ke6 Nc8 51. Nb3 Kb6 52.
Kd7 Na7 53. Kd6 Nc7 54. Nc5 Nab5+ 55. axb5 Nxb5+ 56. Kd7 Nxc3 57. Kd6 Ne4+ 58.
Kd7 Nxc5+ 0-1

[Event "11e Open International de La Fere"]
[Site "La Fere (FRA)"]
[Date "2012.07.13"]
[Round "8.1"]
[White "Rusev, Krasimir"]
[Black "Degraeve, Jean-Marc"]
[Result "1/2-1/2"]
[WhiteElo "2540"]
[BlackElo "2580"]
[PlyCount "52"]
[EventDate "2012.??.??"]

1. d4 d5 2. c4 c6 3. cxd5 cxd5 4. Nc3 Nf6 5. Bf4 Nc6 6. Nf3 Bf5 7. e3 e6 8. Bd3
Bxd3 9. Qxd3 Bd6 10. Bxd6 Qxd6 11. O-O O-O 12. Rac1 Rac8 13. a3 a6 14. b4 Ne7
15. Rc2 Rc7 16. Rfc1 Rfc8 17. h3 h6 18. Nd2 Nd7 19. Na4 Rxc2 20. Rxc2 Rxc2 21.
Qxc2 Qc6 22. Qxc6 Nxc6 23. Nf3 b6 24. Kf1 Kf8 25. Ke2 Ke7 26. Kd3 Kd6 1/2-1/2

[Event "11e Open International de La Fere"]
[Site "La Fere (FRA)"]
[Date "2012.07.13"]
[Round "8.2"]
[White "Georgiev, Vladimir"]
[Black "Jerez Perez, Alfonso"]
[Result "1/2-1/2"]
[WhiteElo "2562"]
[BlackElo "2407"]
[PlyCount "51"]
[EventDate "2012.??.??"]

1. d4 Nf6 2. c4 g6 3. Nc3 d5 4. Nf3 Bg7 5. Qb3 dxc4 6. Qxc4 O-O 7. e4 a6 8. Be2
b5 9. Qb3 c5 10. dxc5 Bb7 11. e5 Nfd7 12. Be3 e6 13. a4 Qa5 14. O-O b4 15. Rac1
Nxe5 16. Nxe5 Bxe5 17. Nb1 Bd5 18. Bc4 Bxc4 19. Qxc4 Nc6 20. b3 Rfd8 21. Nd2
Qc7 22. Nf3 Bg7 23. Bf4 e5 24. Be3 Rd7 25. Rfe1 a5 26. Qe4 1/2-1/2

[Event "11e Open International de La Fere"]
[Site "La Fere (FRA)"]
[Date "2012.07.13"]
[Round "8.3"]
[White "Llaneza Vega, Patricia"]
[Black "Godart, Francois"]
[Result "1/2-1/2"]
[WhiteElo "2225"]
[BlackElo "2317"]
[PlyCount "58"]
[EventDate "2012.??.??"]

1. e4 e5 2. Nf3 Nc6 3. d4 exd4 4. Nxd4 Nf6 5. Nc3 Bb4 6. Nxc6 bxc6 7. Bd3 O-O
8. O-O d5 9. exd5 cxd5 10. Bg5 c6 11. Qf3 Be7 12. Ne2 Bg4 13. Qf4 Bxe2 14. Bxe2
h6 15. Bxf6 Bxf6 16. Rab1 Rb8 17. b3 Re8 18. Bd3 Qe7 19. c4 Be5 20. Qf3 Qf6 21.
Qxf6 Bxf6 22. cxd5 cxd5 23. Rfe1 Kf8 24. Kf1 Bc3 25. Rxe8+ Rxe8 26. Rc1 d4 27.
g3 Ke7 28. Rc2 Kd6 29. Re2 Rxe2 1/2-1/2